00650nam a22001817a 450000500170000001000150001702000310003203500140006303700090007708200140008610000200010024501170012026000570023727001170029430000200041170000160043170000210044720211229102519.0 aENG-130209 a978-81-316-1144-9c1495.00 aEN-113741 bDBAD a371.82954 aShah, Ghanshyam aEducational Status of Scheduled Tribes:bAttainment and Challenges:cGhanshyam Shah, K. Sujatha, Sukhadeo Thorat aChennaibWestland Publications Private Limitedc2019 a1st Floor, A Block, East Wing, Plot No. 40, SP Infocity, Dr MGR Salai, Perungudi, KandanchavadibChennaie600096 a397pc24cm(hbk) aSujatha, K. aThorat, Sukhadeo